[Event "AUTO-BEG-329"]
[Site "http://www.queenalice.com/game.php?id=622284"]
[Date "2009.7.21"]
[Round "1"]
[White "felipecpv94"]
[Black "rmartinez"]
[Result "1-0"]
[WhiteElo "1415"]
[BlackElo "1248"]

1. e4 e5 2. Nf3 Bc5 3. d4 exd4 4. Nxd4 Na6 5. Bxa6 bxa6 6. a3 Qe7 7. f3 Qd6 8.
c3 Bb7 9. g3 Nf6 10. Bf4 Qe7 11. Nf5 Qe6 12. Nxg7+ Kf8 13. Nxe6+ fxe6 14. Bxc7
Rc8 15. Be5 Kf7 16. Bxf6 Kxf6 17. Qxd7 Bc6 18. e5+ Kxe5 19. Qg7+ Kd6 20. Nd2 Bd5
21. O-O-O Rhg8 22. Qxh7 Rh8 23. Ne4+ Kc6 24. Nxc5 Rxh7 25. Nxa6 Bxf3 26. Nb4+
Kb6 27. Rd6+ Kc5 28. Rxe6 Bxh1 29. Re5+ Kd6 30. Ra5 Rcc7 31. Rd5+ Bxd5 32. Nxd5
Kxd5 33. b4 Rxh2 34. c4+ 1-0

[Event "AUTO-BEG-329"]
[Site "http://www.queenalice.com/game.php?id=622285"]
[Date "2009.7.21"]
[Round "1"]
[White "rmartinez"]
[Black "felipecpv94"]
[Result "1-0"]
[WhiteElo "1067"]
[BlackElo "1328"]

1. e4 e5 2. Nc3 Nf6 3. Nge2 Nc6 4. b3 d6 5. Ba3 a6 6. g3 b5 7. f4 exf4 8. Nxf4
Bg4 9. Be2 Bxe2 10. Qxe2 Nd4 11. Qd3 c5 12. b4 Nc6 13. bxc5 dxc5 14. Ncd5 Rc8
15. c4 b4 16. Rb1 bxa3 17. Qxa3 Nxe4 18. Qe3 f5 19. O-O Na5 20. d3 Bd6 21. Qe2
O-O 22. Ne6 Nxg3 23. Qb2 Ne2+ 24. Kh1 Qh4 25. Qxg7# 1-0

[Event "Desafio"]
[Site "http://www.queenalice.com/game.php?id=623981"]
[Date "2009.7.24"]
[Round "-"]
[White "felipecpv94"]
[Black "ralphinho"]
[Result "0-1"]
[WhiteElo "1366"]
[BlackElo "1584"]

1. e4 e5 2. Nf3 Nc6 3. d3 Qf6 4. Bg5 Qg6 5. Nc3 h6 6. Be3 f5 7. exf5 Qxf5 8. Nb5
Kd8 9. Nh4 Qe6 10. Qf3 Be7 11. Nf5 Qf6 12. Nxe7 Ngxe7 13. Bc5 Nd4 14. Bxd4 exd4
15. Qxf6 gxf6 16. Nxd4 d5 17. h4 h5 18. O-O-O c5 19. Nb5 a6 20. Nd6 Rg8 21. Nxc8
Rxc8 22. g3 d4 23. f4 Rxg3 24. Be2 Nd5 25. Rdf1 Rc7 26. Bxh5 c4 27. b3 cxd3 28.
Rh2 Nb4 29. Bd1 dxc2 30. Bxc2 d3 31. Rd1 Rxc2+ 32. Rxc2 Nxc2 33. h5 Rh3 34. h6
Ke7 35. h7 Kf7 36. h8=N+ Kg7 37. Kb2 Kxh8 38. Kc3 Na3 39. Rxd3 Rxd3+ 40. Kxd3
Nb5 41. a4 Nd6 42. Kd4 Kg7 43. Kd5 Nc8 44. Ke6 b5 45. axb5 axb5 46. b4 Kg6 47.
Kd7 Kf5 48. Kxc8 Kxf4 49. Kd7 Kg4 50. Ke6 f5 51. Kd5 f4 52. Kc5 f3 53. Kxb5 f2
54. Ka5 f1=Q 55. b5 Qf8 56. b6 Qb8 57. Ka6 Kf5 58. b7 Ke6 59. Kb6 Kd7 60. Ka6
Kc7 61. Kb5 Qxb7+ 62. Kc5 Qa6 63. Kd5 Qb6 64. Ke5 Qc6 65. Kf5 Qd6 66. Ke4 Qc5
67. Kf4 Qd5 68. Ke3 Qc4 69. Kd2 Qb3 70. Ke2 Qc3 71. Kf2 Qd3 72. Ke1 Qc2 73. Kf1
Qd2 74. Kg1 Qe2 75. Kh1 Kd6 76. Kg1 Ke5 0-1

[Event "AUTO-BEG-330"]
[Site "http://www.queenalice.com/game.php?id=623999"]
[Date "2009.7.24"]
[Round "1"]
[White "tsabadini"]
[Black "felipecpv94"]
[Result "0-1"]
[WhiteElo "1199"]
[BlackElo "1384"]

1. e4 e5 2. Qh5 Nf6 3. Qxe5+ Be7 4. Bc4 d6 5. Qg5 Nxe4 6. Qxg7 Rf8 7. Bb5+ Bd7
8. Qxh7 Ng5 9. Qh6 Bxb5 10. d3 Ne6 11. Nc3 Bc6 12. Nh3 Bxg2 13. Rg1 Bxh3 14.
Qxh3 Ng5 15. Qe3 Nh7 16. Rg7 Nf6 17. a4 a5 18. b3 Nc6 19. Qh6 Ng8 20. Qf4 Bf6
21. Bb2 Bxg7 22. Qe4+ Nge7 23. Qh7 Bxc3+ 24. Bxc3 Nd5 25. Bg7 Nf6 0-1

[Event "AUTO-BEG-330"]
[Site "http://www.queenalice.com/game.php?id=624000"]
[Date "2009.7.24"]
[Round "1"]
[White "felipecpv94"]
[Black "tsabadini"]
[Result "1-0"]
[WhiteElo "1393"]
[BlackElo "1190"]

1. e4 e5 2. d4 Qh4 3. Qd3 Qg4 4. Be2 Qxg2 5. Bf3 Bb4+ 6. Bd2 Bxd2+ 7. Nxd2 Qg5
8. d5 d6 9. Nh3 Bxh3 10. Qe2 Bg2 11. Rg1 c6 12. c4 Nf6 13. Bxg2 O-O 14. Nf3 Qh6
15. b4 cxd5 16. cxd5 Na6 17. b5 Nb4 18. a3 Na6 19. bxa6 bxa6 20. a4 Nd7 21. Qxa6
Nc5 22. Qxd6 Qxd6 23. Ng5 Nd3+ 24. Ke2 Qa6 25. Nf3 Nf4+ 26. Ke3 1-0

[Event "AUTO-BEG-330"]
[Site "http://www.queenalice.com/game.php?id=624021"]
[Date "2009.7.24"]
[Round "1"]
[White "patobesta"]
[Black "felipecpv94"]
[Result "1-0"]
[WhiteElo "1555"]
[BlackElo "1322"]

1. e4 e5 2. Nf3 Nc6 3. d3 d6 4. Nc3 Bg4 5. h3 Bxf3 6. Qxf3 Nb4 7. Qd1 Nf6 8. a3
Na6 9. Be3 Be7 10. d4 exd4 11. Qxd4 c5 12. Bb5+ Nd7 13. Qxg7 Bf6 14. Bxd7+ Kxd7
15. Qxf7+ Qe7 16. Qxe7+ Bxe7 17. O-O-O Rhg8 18. g3 b6 19. g4 Bg5 20. Bxg5 Rxg5
21. Nd5 Rf8 22. f4 Rg7 23. e5 Nc7 24. Nf6+ Ke7 25. Rxd6 Ne8 26. Nd5+ Kf7 27. Rc6
Kg8 28. f5 Nc7 29. Nf6+ Kh8 30. Nh5 Nb5 31. Nxg7 Kxg7 32. Rf1 Re8 33. f6+ Kf7
34. e6+ 1-0

[Event "AUTO-BEG-331"]
[Site "http://www.queenalice.com/game.php?id=625514"]
[Date "2009.7.27"]
[Round "1"]
[White "felipecpv94"]
[Black "patreszer"]
[Result "1-0"]
[WhiteElo "1401"]
[BlackElo "1193"]

1. e4 e5 2. Nf3 Nc6 3. Bb5 Nd4 4. Nxd4 exd4 5. d3 c6 6. Bc4 Nf6 7. Bg5 Be7 8.
Bxf6 gxf6 9. Qh5 Qb6 10. Qxf7+ Kd8 11. b3 1-0

[Event "AUTO-BEG-331"]
[Site "http://www.queenalice.com/game.php?id=625515"]
[Date "2009.7.27"]
[Round "1"]
[White "patreszer"]
[Black "felipecpv94"]
[Result "0-1"]
[WhiteElo "1185"]
[BlackElo "1409"]

1. e4 e5 2. d4 Nc6 3. Nf3 d6 4. Bg5 Be7 5. Bxe7 Ngxe7 6. d5 Nb4 7. Ng5 h6 8. Nf3
Bg4 9. Bb5+ Bd7 10. Na3 a6 11. Ba4 Bxa4 0-1

[Event "AUTO-BEG-331"]
[Site "http://www.queenalice.com/game.php?id=625518"]
[Date "2009.7.27"]
[Round "1"]
[White "felipecpv94"]
[Black "FreitasPC"]
[Result "0-1"]
[WhiteElo "1417"]
[BlackElo "1761"]

1. e4 e5 2. Nf3 Nc6 3. Nc3 Nf6 4. Bb5 a6 5. Bxc6 dxc6 6. Nxe5 Qd4 7. f4 Nxe4 8.
Nxe4 Qxe4+ 9. Qe2 Qxe2+ 10. Kxe2 Bd6 11. Nd3 Bg4+ 12. Ke1 O-O 13. h3 Bf5 14. g4
Bxd3 15. cxd3 Bxf4 16. Rf1 Rfe8+ 17. Kd1 g5 18. Re1 Rxe1+ 19. Kxe1 Bg3+ 20. Kf1
Re8 21. b3 Re1+ 22. Kg2 Bf4 23. Bb2 Rxa1 24. Bxa1 Bxd2 25. Be5 Ba5 26. a4 c5 27.
Kf3 c6 28. Bd6 Bb4 29. Ke4 f6 30. Kf5 Kf7 31. Ke4 Ke6 32. Bc7 b5 33. axb5 cxb5
34. Bb6 a5 35. Bc7 a4 36. bxa4 bxa4 37. d4 cxd4 38. Kxd4 Bd6 39. Bxd6 Kxd6 40.
Kc3 Ke5 41. Kb4 Kf4 42. Kxa4 Kg3 43. Kb3 Kxh3 44. Kc2 Kxg4 45. Kd1 Kf3 46. Ke1
Kg2 47. Ke2 h5 48. Ke3 h4 49. Ke4 h3 50. Kf5 h2 51. Kxf6 h1=Q 52. Kxg5 Qf1 53.
Kg4 Qf3+ 54. Kg5 Kg3 55. Kg6 Kg4 56. Kg7 Qf5 57. Kg8 Kg5 58. Kg7 Qf6+ 0-1

[Event "AUTO-BEG-331"]
[Site "http://www.queenalice.com/game.php?id=625519"]
[Date "2009.7.27"]
[Round "1"]
[White "FreitasPC"]
[Black "felipecpv94"]
[Result "0-1"]
[WhiteElo "1864"]
[BlackElo "1328"]

1. d4 d5 2. c4 dxc4 3. Nc3 e6 4. e4 Nc6 5. Nf3 Bb4 6. Bxc4 Bd7 7. O-O a6 8. a3
Bxc3 9. bxc3 Na5 10. Ba2 Bb5 11. Re1 Bc4 12. Qa4+ c6 13. Bxc4 b5 14. Bxb5 cxb5
15. Qb4 Nc6 16. Qc5 Rc8 17. Qg5 Qxg5 18. Nxg5 h6 19. Nf3 g5 20. d5 Na5 21. Bb2
Nc4 22. Rab1 Nxb2 23. Rxb2 Rxc3 24. dxe6 fxe6 25. Ra2 Kf7 26. Ne5+ Kf6 27. Nd7+
Ke7 28. Rd1 Nf6 29. Nxf6 Kxf6 30. f3 h5 31. Rd6 Rc1+ 32. Kf2 h4 33. Rxa6 Rhc8
34. Rb6 R8c5 35. Rb2 R1c2+ 36. Rxc2 Rxc2+ 37. Ke1 Rxg2 38. Rxb5 Rxh2 39. Kf1 Ra2
40. Rb3 Ke5 41. Kg1 Kf4 42. Kf1 h3 43. Rd3 Kg3 44. f4+ Kxf4 45. Rxh3 Kxe4 46.
Rb3 e5 47. Kg1 g4 48. Rg3 Kf4 49. Rb3 g3 50. Rc3 e4 51. Rb3 e3 0-1